Official directory (Record no. 491151)

000 -LEADER
fixed length control field 00388cam a22001097a 4500
008 - FIXED-LENGTH DATA ELEMENTS--GENERAL INFORMATION
fixed length control field 180718b1968- xxu||||| |||| 00| 0 eng d
082 ## - DEWEY DECIMAL CLASSIFICATION NUMBER
Classification number I5001x54 In2
100 ## - MAIN ENTRY--PERSONAL NAME
Personal name India. Ministry of Home Affairs
245 ## - TITLE STATEMENT
Title Official directory
Statement of responsibility, etc. by Ministry of Home Affairs
260 ## - PUBLICATION, DISTRIBUTION, ETC.
Place of publication, distribution, etc. New Delhi
Name of publisher, distributor, etc. Ministry of Home Affairs
Date of publication, distribution, etc. 1968-
500 ## - GENERAL NOTE
General note Library has 1968-1971, 1975-1979, 1981, 1984-1987, 1989, 1992
Holdings
Withdrawn status Lost status Damaged status Not for loan Permanent Location Current Location Date acquired Full call number Barcode Date last seen Price effective from Koha item type
        Indian Institute of Public Administration Indian Institute of Public Administration 2018-08-04 I5001x54 In2 G18714 2018-08-04 2018-08-04 G
        Indian Institute of Public Administration Indian Institute of Public Administration 2018-08-04 I5001x54 In2 GG32580 2018-08-04 2018-08-04 GG

Powered by Koha